LDR 01527nam a2200313 i 4500 001 000000366768 003 CaOOAMICUS 005 20260306135629.0 008 260306s2025 it m u000 u ita u 020 $a978-88-7105-552-7 040 $aSeMil$bita 100 1 $aGnecchi, Margherita.$0(OLS)http://semarc/name/123892 245 10$aSecolarizzazione e neo-paganesimo :$bcongedo dalla fede, conciliazione col mito /$cMargherita Gnecchi ; prefazione di Pierangelo Sequeri. 264 1$aMilano :$bGlossa,$c2025. 300 $aXII, 492 p. ;$c24 cm 490 1 $aDissertatio. Series Mediolanensis ;$v42 600 14$aOtto, Walter Friedrich.$0(OLS)http://semarc/subject/59730 600 14$aNatoli, Salvatore.$0(OLS)http://semarc/subject/59729 600 14$aVernant, Jean-Pierre.$0(OLS)http://semarc/subject/59731 600 14$aJullien, François.$0(OLS)http://semarc/subject/59728 650 04$aLaicismo.$0(OLS)http://semarc/subject/13341 700 1 $aSequeri, Pierangelo,$d<1944- >.$0(OLS)http://semarc/name/7586 830 0$aDissertatio. Series Mediolanensis ;$v42.$0(OLS)http://semarc/title/304 850 $aSeMil 852 $aSeMil$W1$xVenegono$y1$m2KA G 42$j268068$B257543$CSeMilBibl$Z2$F257543 $81 996 $6020$a978-88-7105-552-7$9(OLS)http://semarc/number/305476 996 $6245$aSecolarizzazione e neo-paganesimo :$bcongedo dalla fede, conciliazione col mito$9(OLS)http://semarc/title/458547 996 $6264$aMilano :$bGlossa$9(OLS)http://semarc/publisher/29635